| 000 | 00605cam a2200205 4500 | ||
|---|---|---|---|
| 001 | WB3616-69 | ||
| 008 | 000000n2000 000 0 eng u | ||
| 035 | _a(Sirsi) u105572 | ||
| 245 | _aVillage greens under threat | ||
| 260 | _c2000 | ||
| 490 |
_aTimes _v25 April 2000, 13(1) |
||
| 520 | _aThe Countryside Agency are demanding new laws to protect village greens from the threat of property speculators. | ||
| 590 | _aWB | ||
| 650 | 0 | _aCOUNTRYSIDE AGENCY | |
| 650 | _aVILLAGE GREENS | ||
| 650 | _aPROPERTY DEVELOPMENT | ||
| 650 | _aPROPERTY SPECULATION | ||
| 690 |
_aRural _96268 |
||
| 942 | _n0 | ||
| 999 |
_c63257 _d63257 |
||